Geothermal energy (Record no. 178)

000 -LEADER
fixed length control field 00658nam a2200217 a 4500
001 - CONTROL NUMBER
control field 178
003 - CONTROL NUMBER IDENTIFIER
control field BD-DhUET
008 - FIXED-LENGTH DATA ELEMENTS--GENERAL INFORMATION
fixed length control field 100608s2010 fluabf b 001 0 eng
020 ## - INTERNATIONAL STANDARD BOOK NUMBER
International Standard Book Number 9781420075700
040 ## - CATALOGING SOURCE
Original cataloging agency DLC
Transcribing agency DLC
Modifying agency BD-DhUET
082 00 - DEWEY DECIMAL CLASSIFICATION NUMBER
Classification number 333.88
Item number GLA/2010
100 1# - MAIN ENTRY--PERSONAL NAME
Personal name Glassley, William E.
245 10 - TITLE STATEMENT
Title Geothermal energy
Remainder of title renewable energy and the environment
Statement of responsibility, etc. by William E. Glassley
250 ## - EDITION STATEMENT
Edition statement 1st ed.
260 ## - PUBLICATION, DISTRIBUTION, ETC. (IMPRINT)
Place of publication, distribution, etc. Boca Raton
Name of publisher, distributor, etc. CRC Press
Date of publication, distribution, etc. 2010
300 ## - PHYSICAL DESCRIPTION
Extent xxi, 290 p. :
Other physical details ill. (some col.), maps (some col.) ;
Dimensions 27 cm.
490 1# - SERIES STATEMENT
Series statement Energy and the environment
504 ## - BIBLIOGRAPHY, ETC. NOTE
Bibliography, etc Includes bibliographies.
650 #0 - SUBJECT ADDED ENTRY--TOPICAL TERM
Topical term or geographic name as entry element Geothermal energy
942 ## - ADDED ENTRY ELEMENTS (KOHA)
Koha item type General Book
Holdings
Koha normalized classification for sorting Piece designation (barcode) Damaged status Lost status Copy number Date acquired Source of classification or shelving scheme Koha item type Withdrawn status Not for loan Price effective from Shelving location Koha date last seen Location (home branch) Sublocation or collection (holding branch) Koha full call number
333_880000000000000_GLA_2010111034  12014-07-16 General Book  2014-07-16Circulation section2014-07-16Central Library, BUETCentral Library, BUET333.88/GLA/2010
333_880000000000000_GLA_2010111035  22014-07-16 General Book  2014-07-16Circulation section2016-04-06Central Library, BUETCentral Library, BUET333.88/GLA/2010